000 00551nam a2200205 a 4500
999 _c9233
_d9233
003 BD-JhCC
005 20180312102145.0
008 180312s2013 bg |||| |||| 000 0 eng d
035 _a(BD-JhCC)
040 _aBD-JhCC
_dBD-JhCC
041 _aeng
082 _a658.15
_bGAI 2013
100 _a Gain, Dipak Chandra
245 _aACCOUNTING
_bFor classes 9-10 & SSC Exam
_c Dipak Chandra, Gain
260 _aDhaka:
_bNobo Avijan Prokasoni,
_c2013.
300 _a423 p.:
_c25 cm.
650 _aAccounting
942 _2ddc
_cBK